يو نيو ر سٹی آ ف حيد ر آ با د کی آ ئ جی ا يم لا يبر ير ی ميں مخز و نہ عصمت ر سا لہ کا و ض حتی ا شا ريہ / (Record no. 165634)
[ view plain ]
| 000 -LEADER | |
|---|---|
| fixed length control field | 00915nam a22001937a 4500 |
| 005 - DATE AND TIME OF LATEST TRANSACTION | |
| control field | 20230714144132.0 |
| 010 ## - LCCN (DPL NO) | |
| LC control number | UR-10242 |
| 020 ## - INTERNATIONAL STANDARD BOOK NUMBER | |
| International Standard Book Number | 9789387539853 |
| Terms of availability | 250.00 |
| 035 ## - SYSTEM CONTROL NUMBER | |
| System control number | U-8797 |
| 037 ## - SOURCE OF ACQUISITION | |
| Source of stock number/acquisition | DBAD/PUB |
| 082 ## - DEWEY DECIMAL CLASSIFICATION NUMBER | |
| Classification number | 020.685 |
| 100 ## - MAIN ENTRY--PERSONAL NAME | |
| Personal name | شيخ نيا ز ا لد ين صا بر ی |
| 245 ## - TITLE STATEMENT | |
| Title | يو نيو ر سٹی آ ف حيد ر آ با د کی آ ئ جی ا يم لا يبر ير ی ميں مخز و نہ عصمت ر سا لہ کا و ض حتی ا شا ريہ / |
| Statement of responsibility, etc | شيخ نيا ز ا لد ين صا بر ی |
| 246 ## - VARYING FORM OF TITLE | |
| Remainder of title | University of Hyderabad ki IGM Library mein Makhzuna Ismat Risala ka Wazahati Isharia(Urdu) / |
| Title proper/short title | by Shaikh Niyazuddin Saberi |
| 260 ## - PUBLICATION, DISTRIBUTION, ETC. (IMPRINT) | |
| Place of publication, distribution, etc | Delhi |
| Name of publisher, distributor, etc | Educational Publishing House |
| Date of publication, distribution, etc | 2018ء |
| 270 ## - ADDRESS | |
| Address | 3191،Vakil Street,Kucha Pandit,Lal Kuan, |
| City | Delhi |
| Postal code | 110006 |
| Telephone number | 23216162 |
| Fax number | 00911123211540 |
| 300 ## - PHYSICAL DESCRIPTION | |
| Extent | 192 ص |
| Dimensions | 22cm(Hb) |
| 942 ## - ADDED ENTRY ELEMENTS (KOHA) | |
| Source of classification or shelving scheme | Dewey Decimal Classification |
| Item type | Urdu Bks |
| Classification part | 020.685 |
| Call number suffix | ش ے خ |
| Withdrawn status | Lost status | Not for loan | Collection code | Home library | Current library | Date acquired | Source of acquisition | Cost, normal purchase price | Full call number | Barcode | Copy number | Cost, replacement price | Koha item type |
|---|---|---|---|---|---|---|---|---|---|---|---|---|---|
| Non-fiction | Ashok Vihar | Ashok Vihar | 25/06/2019 | DBAD/PUB | 250.00 | 020.685 ش ے خ | U-8797 | 1 | 250.00 | Urdu Bks |
